[Event "GER-ch U12"]
[Site "Willingen"]
[Date "2024.05.24"]
[Round "8"]
[White "Obermair, Hannes"]
[Black "Balashvili, Amiran"]
[Result "0-1"]
[WhiteElo "1668"]
[BlackElo "1682"]
[PlyCount "62"]
[EventDate "2024.05.19"]
[EventType "swiss"]
[EventRounds "9"]
[EventCountry "GER"]
[SourceTitle "CB27_2024"]
[SourceDate "2024.07.03"]
[SourceVersion "1"]
[SourceVersionDate "2024.07.03"]
[SourceQuality "1"]

1. c4 e6 2. Nc3 d5 3. d4 Be7 4. Nf3 Nf6 5. Bg5 Nbd7 6. e3 0-0 7. Bd3 a6 8. 0-0 h6 9. Bxf6 Nxf6 10. Re1 c5 11. cxd5 exd5 12. dxc5 Bxc5 13. Bc2 Be6 14. Qd3 Bb4 15. a3 Bxc3 16. Qxc3 Rc8 17. Qd3 Qb6 18. Rab1 Rc7 19. Nd4 Rfc8 20. Bb3 Ne4 21. Nf3 Nc5 22. Qd4 Qxb3 23. Nd2 Qd3 24. Qb4 Qf5 25. Qd4 Qf6 26. Qxf6 gxf6 27. Red1 Na4 28. f3 Rc2 29. Nb3 Rxb2 30. Rxb2 Nxb2 31. Nd4 Nxd1 0-1

[Event "GER-ch U12"]
[Site "Willingen"]
[Date "2024.05.22"]
[Round "5"]
[White "Balashvili, Amiran"]
[Black "Rinke, Alexander"]
[Result "1-0"]
[WhiteElo "1682"]
[BlackElo "1596"]
[PlyCount "75"]
[EventDate "2024.05.19"]
[EventType "swiss"]
[EventRounds "9"]
[EventCountry "GER"]
[SourceTitle "CB27_2024"]
[SourceDate "2024.07.03"]
[SourceVersion "1"]
[SourceVersionDate "2024.07.03"]
[SourceQuality "1"]

1. e4 c6 2. d4 d5 3. exd5 cxd5 4. Bd3 Nc6 5. c3 Nf6 6. h3 e6 7. Nf3 Be7 8. Be3 0-0 9. Nbd2 a6 10. Qc2 Bd7 11. 0-0 Rc8 12. Qd1 b5 13. Qe2 Na5 14. Rfc1 Nc4 15. b3 Nxe3 16. fxe3 Rb8 17. Ne5 Ne8 18. Nxd7 Qxd7 19. a4 Nd6 20. axb5 axb5 21. Rc2 Rfc8 22. Rac1 Bg5 23. Nf3 Bf6 24. Nd2 e5 25. dxe5 Bxe5 26. Qh5 Qe6 27. Qxh7+ Kf8 28. Qh8+ Ke7 29. Qh4+ Bf6 30. Qe1 Bg5 31. Nf1 Rh8 32. Qe2 Bh4 33. Qf3 Rbg8 34. Re2 f5 35. g3 Bf6 36. g4 fxg4 37. Qxg4 Rxh3 38. Qxe6+ 1-0